000 00615cam a22002413a 4500
001 24240
003 PGUSA
005 20140828083522.0
008 080111s2008||||xxu|||||s|||||000 | eng d
040 _aPGUSA
_beng
042 _adc
050 4 _aB
100 1 _aMo, Di,
_d-480--390
245 1 0 _a墨子
_h[electronic resource] /
_cDi Mo
260 _bProject Gutenberg,
_c2008
506 _aPublic domain in the USA.
516 _aElectronic text
653 _aPhilosophy, Chinese
740 0 _aMozi
830 0 _aProject Gutenberg
_v24240
856 4 0 _uhttp://www.gutenberg.org/ebooks/24240
942 _cEB
999 _c253495
_d253495